[Event "XXIV ProAm Copa Clarin 2017"]
[Site "Villa Martelli"]
[Date "2017.10.01"]
[Round "2.1"]
[White "Falcon, Benjamin"]
[Black "Mareco, Sandro"]
[Result "0-1"]
[WhiteElo "2183"]
[BlackElo "2644"]
[Annotator "TA"]
[PlyCount "88"]
[EventDate "2017.??.??"]
[EventType "swiss"]
[EventCountry "ARG"]
[SourceTitle "playchess.com"]
[Source "ChessBase"]
[SourceQuality "1"]

{[%evp 28,88,-7,-35,-28,-100,-113,-107,-10,-16,-13,-45,-33,-37,-30,-23,-29,-28,-31,-74,-64,-64,-58,-57,-58,-74,-69,-79,-87,-95,-95,-87,-70,-122,-121,-104,-106,-177,-156,-172,-172,-176,-181,-182,-166,-160,-179,-176,-163,-152,-151,-237,-241,-278,-247,-267,-259,-605,-599,-1023,-997,-878,-875]} 1. e4 c5 2. Nf3 e6 3. d4 cxd4 4. Nxd4 Nc6 5. Nc3 Qc7 6. f4 a6 7. Nxc6 Qxc6 8. Bd3 b5 9. Qe2 Bb7 10. O-O Bc5+ {B43: Sicilian: Kan Variation: 5 Nc3} 11. Be3 Nf6 12. Bxc5 Qxc5+ 13. Kh1 b4 (13... Qh5 14. Qxh5 Nxh5 15. e5 f5 16. Be2 g6 17. Bf3 Bxf3 18. Rxf3 {0-1 (47) Najer,E (2674)-Bukavshin,I (2657) Moscow 2015}) 14. Nd1 O-O 15. Nf2 {LiveBook: 3 Games} e5 16. Ng4 (16. a3 $11 {remains equal.}) 16... Nxg4 $17 17. Qxg4 {[#]} Bc6 $146 (17... f5 $1 $17 {[%cal Rf5g4][%mdl 512]} 18. exf5 e4) ({Predecessor:} 17... d6 18. b3 {1-0 (84) Milenkovic,M (2381)-Ilic,Z (2285) Kragujevac 2013}) 18. f5 $11 f6 19. Qe2 d5 20. a3 a5 21. exd5 Bxd5 22. axb4 axb4 23. Be4 Bxe4 24. Qxe4 Rac8 25. Rac1 Qc4 26. Qxc4+ Rxc4 $15 {[%mdl 4096] Endgame KRR-KRR} 27. Kg1 h5 28. g3 Rfc8 29. Rf2 h4 30. Rd2 ({White should try} 30. gxh4 $1 $15 Rxh4 31. Rd1) 30... Kh7 $17 31. gxh4 Rxh4 32. Rf1 (32. Rg2 $17) 32... Rg4+ $19 33. Kh1 Kh6 34. h3 Rgc4 35. Rff2 Kg5 36. Kh2 R8c7 37. Kg3 Re4 38. Rf3 Rh4 39. Rff2 (39. Rf1 $17) 39... Rhc4 40. Rde2 Rd7 41. Kh2 Rf4 42. Rxf4 $2 (42. Rg2+ Kxf5 43. Rd2 Rxd2 44. Rxd2) 42... Kxf4 {Black is clearly winning.} 43. Rf2+ Ke3 44. Kg3 e4 {Precision: White = 43%, Black = 89%.} 0-1

[Event "XXIV ProAm Copa Clarin 2017"]
[Site "Villa Martelli"]
[Date "2017.10.01"]
[Round "2.2"]
[White "Perez Ponsa, Federico"]
[Black "Leon, Juan Carlos"]
[Result "1-0"]
[WhiteElo "2594"]
[BlackElo "2172"]
[Annotator "TA"]
[PlyCount "63"]
[EventDate "2017.??.??"]
[EventType "swiss"]
[EventCountry "ARG"]
[SourceTitle "playchess.com"]
[Source "ChessBase"]
[SourceQuality "1"]

{[%evp 12,63,0,0,26,14,66,32,110,69,131,143,142,147,135,118,210,204,196,115,118,74,93,110,117,102,110,110,150,140,155,97,136,138,133,136,148,125,183,143,233,218,229,249,247,229,197,52,497,497,482,457,678,642]} 1. e4 e6 2. d4 d5 3. Nc3 Nf6 4. e5 Nfd7 5. f4 c5 6. Nf3 Nc6 7. Be3 Rb8 {C11: French: Classical System: 4 e5 and 4 Bg5 dxe4} (7... Be7 8. Qd2 a6 9. a3 b5 10. Bd3 Bb7 11. O-O O-O 12. Kh1 f5 13. Qf2 Rc8 14. Rg1 b4 15. axb4 Nxb4 16. g4 g6 17. gxf5 Nxd3 18. cxd3 Rxf5 {0-1 (40) Kasparov,G (2812)-Caruana,F (2807) Saint Louis 2017}) 8. Be2 Qa5 ({Black should try} 8... Be7 $11) 9. O-O (9. a3 $5 {[%cal Rd4c5]}) 9... b5 (9... a6 $14) 10. a4 bxa4 $146 (10... b4 $14 11. Nb5 c4) ({Predecessor:} 10... b4 11. Nb5 Be7 12. f5 cxd4 13. Nbxd4 Nxd4 14. Nxd4 exf5 15. Nc6 {1-0 (25) Bartel,M (2640)-Heberla,B (2541) Poland 2016}) 11. Nxa4 $16 ({Much less strong is} 11. Rxa4 $6 Qb6 $14) 11... cxd4 12. Nxd4 Nxd4 13. Qxd4 a6 (13... Be7 $16 14. Qxa7 Qxa7 15. Bxa7 Rb4) 14. c3 $18 Qc7 15. b4 (15. Rfc1 $18) 15... Be7 $16 16. Nb2 O-O 17. Qd2 f6 18. Bg4 ({But not} 18. Bxa6 $6 fxe5 19. Bxc8 Rbxc8 $11) 18... Qc6 19. Bd4 f5 20. Be2 Bd8 21. Na4 ({White should play} 21. c4) 21... Be7 22. Qe3 Bb7 23. Kh1 Kh8 24. Bd3 Qc8 (24... Rf7 $16 {keeps fighting.} 25. Rfb1 Rff8) 25. Nb2 Ra8 (25... Rg8 $16 26. Qe2 Ra8) 26. g4 $1 $18 g6 27. gxf5 gxf5 {[#]} 28. Qh3 $1 Qe8 29. Nd1 ({Better is} 29. Rg1 $18 {aiming for Qh6.} Rg8 {[#]} 30. Bxf5 $1 {[%mdl 512]} exf5 31. Qxf5) 29... Rf7 $2 {[%mdl 8192]} (29... Nb8 $1 $14) 30. Ne3 {White is clearly winning.} Qf8 31. Rg1 Bd8 (31... Nc5 $142 32. bxc5 Bxc5) 32. Rg6 {Precision: White = 59%, Black = 26%.} 1-0

[Event "XXIV ProAm Copa Clarin 2017"]
[Site "Villa Martelli"]
[Date "2017.10.01"]
[Round "2.3"]
[White "Tomeo, Ivan"]
[Black "Abanades Flores, Diego"]
[Result "0-1"]
[WhiteElo "2149"]
[BlackElo "1391"]
[Annotator "RC"]
[PlyCount "80"]
[EventDate "2017.??.??"]
[EventType "swiss"]
[EventCountry "ARG"]
[SourceTitle "playchess.com"]
[Source "ChessBase"]
[SourceQuality "1"]
[TimeControl "5400+30"]

1. e4 c5 2. Nf3 e6 3. d4 cxd4 4. Nxd4 a6 5. Nc3 b5 6. Bd3 Bb7 7. Qe2 Qb6 8. Nb3 Qc7 9. f4 b4 10. Nd1 Nf6 11. c4 d6 12. Bd2 Nc6 13. Rc1 Be7 14. O-O Nd7 15. Ne3 Nc5 16. Bb1 a5 17. Qg4 g6 18. Qh3 Nxb3 19. axb3 Nd4 20. f5 Ne2+ 21. Kh1 Nxc1 22. Bxc1 Qd7 23. c5 exf5 24. exf5 dxc5 25. Rd1 Qc8 26. Qh6 Ra6 27. Re1 Qc6 28. Bd3 Kd8 29. Qh3 Re8 30. Nc4 Bf6 31. Rd1 Bd4 32. Bf4 Qd5 33. Qg3 gxf5 34. Bc7+ Kc8 35. Bb6 f4 36. Qg4+ Kb8 37. Qxf4+ Ka8 38. Bf1 Rg8 39. Rd2 Qe6 40. Re2 Qxe2 0-1

[Event "XXIV ProAm Copa Clarin 2017"]
[Site "Villa Martelli"]
[Date "2017.10.01"]
[Round "2.4"]
[White "Valerga, Diego"]
[Black "Hernandez Amura, Gilberto"]
[Result "0-1"]
[WhiteElo "2452"]
[BlackElo "2166"]
[Annotator "TA"]
[PlyCount "94"]
[EventDate "2017.??.??"]
[EventType "swiss"]
[EventCountry "ARG"]
[SourceTitle "playchess.com"]
[Source "ChessBase"]
[SourceQuality "1"]

{[%evp 19,94,41,64,57,61,27,33,31,85,58,65,86,108,65,97,104,76,90,109,68,91,75,77,55,196,169,172,67,115,123,125,64,76,86,76,69,90,44,48,79,82,72,81,87,78,81,110,45,10,-54,-54,-125,-33,-144,-135,-695,-532,-891,-872,-853,-845,-784,-560,-595,-564,-29986,-29987,-29987,-29988,-29988,-29989,-29992,-29993,-29993,-29994,-29994,-1798]} 1. d4 Nf6 2. c4 e6 3. Nc3 c5 4. d5 exd5 5. cxd5 d6 6. e4 g6 7. Nf3 Bg7 8. Be2 O-O 9. O-O a6 10. a4 Nbd7 {LiveBook: 11 Games} 11. Qc2 {A74: Modern Benoni: Classical: 9...a6} (11. Bf4 Qe7 12. Nd2 Ne5 13. Bg3 g5 14. Re1 Nfd7 15. Nf1 Ng6 16. Bg4 Nde5 17. Bf5 Nf4 18. Ne3 Qf6 19. Bxc8 Rfxc8 20. Nf5 c4 {1-0 (44) Temirbayev,S (2464)-Akselrod,V (2446) Khanty-Mansiysk 2009}) 11... Qe7 12. Bf4 Ng4 13. Nd2 {White is slightly better.} Nge5 (13... Nde5 $14) 14. Bg3 $16 {And now f4 would win.} g5 15. Nd1 Ng6 16. Bg4 Qf6 $146 ({Predecessor:} 16... Nf4 17. Kh1 h5 18. Bxf4 gxf4 19. Bxh5 {1-0 (41) Olivera,H (2257)-Albarran,G (2236) Buenos Aires 2004}) 17. Nc4 $36 {[%mdl 2048] White is in control.} Nf4 18. Nde3 Rb8 19. Bf5 b5 20. Ng4 Qe7 21. Na5 {Black must now prevent Nc6.} Bb7 {[#]} (21... Ne5 $14) 22. h4 $1 {[%mdl 512]} Ne5 (22... gxh4 23. Bxf4) 23. Ne3 ({White should try} 23. hxg5 $18 Qxg5 24. Nxe5 Bxe5 25. axb5) 23... Ned3 24. hxg5 Qxg5 25. axb5 (25. Nc6 $16) 25... axb5 $14 26. Bxf4 Nxf4 27. g3 Bd4 28. Ng4 ({But not} 28. Nxb7 $6 Rxb7 29. Ng4 Ng6 $14) 28... Ng6 29. Nxb7 Rxb7 30. Kg2 $1 {aiming for Rh1.} h5 31. f4 Qe7 32. Nh2 h4 {[#]} 33. Rf3 (33. Rh1 $1 $16) 33... Kg7 34. Rh1 ({White has to play} 34. Ra6 $1 $11) 34... Rh8 $15 35. Nf1 (35. Ng4 $15) 35... Ra7 (35... Rbb8 $17 {Threatens to win with ...hxg3.} 36. Ne3 Rbe8) 36. Qb1 {[#]} (36. Bxg6 $15 fxg6 37. Qb1) 36... Qf6 $1 $17 37. b4 $2 {[%mdl 8192]} (37. Bxg6 $17 fxg6 38. Ne3) 37... Rha8 38. bxc5 Ra2+ 39. Kh3 hxg3 40. Kxg3 Rb2 41. Qe1 Raa2 42. Ne3 Bxe3 {Black mates.} 43. Rxe3 Rg2+ 44. Kf3 Qb2 45. Rf1 {[#]} Ra1 $1 {[%mdl 512]} 46. Bxg6 (46. Qxa1 Nh4#) 46... Rxe1 47. Rexe1 Rxg6 {Precision: White = 35%, Black = 55%.} (47... Rh2 $142 48. Bf5 Qg2+ 49. Ke3 Qg3+ 50. Rf3 Qxe1+ 51. Kd4 Qb4+ 52. Ke3 Qd2#) 0-1

[Event "XXIV ProAm Copa Clarin 2017"]
[Site "Villa Martelli"]
[Date "2017.10.01"]
[Round "2.5"]
[White "Zamani, Andres"]
[Black "Slipak, Sergio"]
[Result "0-1"]
[WhiteElo "2120"]
[BlackElo "2437"]
[Annotator "TA"]
[PlyCount "65"]
[EventDate "2017.??.??"]
[EventType "swiss"]
[EventCountry "ARG"]
[SourceTitle "playchess.com"]
[Source "ChessBase"]
[SourceQuality "1"]

{[%evp 9,65,14,16,0,16,-17,27,35,25,38,29,5,6,1,13,0,0,0,0,0,2,0,0,-71,-79,-89,-70,-90,-78,-97,-98,-141,-135,-156,-162,-268,-249,-546,-529,-510,-532,-538,-519,-606,-429,-29989,-29990,-29990,-29991,-29991,-29990,-29990,-29991,-29991,-29988,-29990,-29991,-29998]} 1. e4 e5 2. Nf3 Nc6 3. Nc3 Nf6 4. Bb5 Bd6 5. d3 O-O {LiveBook: 45 Games} (5... h6 6. a3 a6 7. Bc4 Bc5 8. b4 Ba7 9. h3 d6 10. Ne2 Be6 11. Bxe6 fxe6 12. Ng3 O-O 13. c3 Qe8 14. O-O Nh5 15. Nxh5 Qxh5 {½-½ (24) Svidler,P (2741)-Yu,Y (2750) Shenzhen 2017}) 6. Be3 {C48: Four Knights: 4 Bb5, replies other than 4...Bb4} Re8 7. a3 Bf8 8. Bc4 {White has an edge.} d6 $146 ({Predecessor:} 8... h6 9. h3 d6 10. O-O Be6 11. Bxe6 fxe6 12. d4 exd4 13. Nxd4 {1-0 (54) Szamoskozi,G (2335)-Pinter,J (2546) Hungary 2015}) 9. Ng5 Re7 10. Nd5 Nxd5 11. Bxd5 h6 12. Nh3 Nd4 {[%cal Bc6d4,Bd4e6,Be6c5][%mdl 32]} 13. c3 c6 14. Ba2 Ne6 15. Qf3 Nc5 $36 {[%mdl 2048] Black fights for an advantage.} 16. O-O-O (16. O-O $11 {remains equal.}) 16... Be6 $17 17. Bxe6 Rxe6 ({Don't play} 17... Nxe6 $6 18. Qg3 $11) 18. Bxc5 dxc5 19. Qe3 b5 20. f4 b4 21. axb4 cxb4 22. cxb4 (22. Kd2 {was worth a try.}) 22... Bxb4 $19 23. fxe5 $2 {[#]} (23. Kc2) 23... Rxe5 24. d4 Rb5 {[%cal Be5b5,Bb5b2,Bb2a2][%mdl 32]} 25. Kc2 Rab8 26. Nf4 {[#]} Bc5 $1 {[%mdl 512]} 27. Ne2 (27. b3 $19 Rxb3 28. Qxb3 Rxb3 29. Kxb3) (27. dxc5 Rxb2+) 27... Rxb2+ {Black mates.} 28. Kd3 R8b3+ 29. Nc3 Qa5 {[%csl Ga5][%cal Rb3c3]} 30. Qe1 Bb4 31. Rc1 Ra2 32. Rf1 Bxc3 33. Rh1 {Precision: White = 32%, Black = 75%.} 0-1

[Event "XXIV ProAm Copa Clarin 2017"]
[Site "Villa Martelli"]
[Date "2017.10.01"]
[Round "2.6"]
[White "Dolezal, Cristian"]
[Black "Churba, Daniel Alberto"]
[Result "1-0"]
[WhiteElo "2426"]
[BlackElo "2062"]
[Annotator "TA"]
[PlyCount "142"]
[EventDate "2017.??.??"]
[EventType "swiss"]
[EventCountry "ARG"]
[SourceTitle "playchess.com"]
[Source "ChessBase"]
[SourceQuality "1"]

{[%evp 9,142,-8,0,0,6,0,18,9,21,21,20,16,22,16,34,0,24,18,72,71,76,54,85,24,35,16,6,12,139,135,120,130,197,177,297,282,296,292,307,299,295,288,377,266,262,262,327,200,196,186,189,189,179,186,179,175,209,116,133,6,0,-88,-88,-75,-48,-131,-142,-141,-95,-239,-232,-235,-254,-247,-208,-212,-212,-204,-201,-315,-325,-320,-310,-317,-264,-264,-248,-425,-327,-327,-306,-29993,-290,-312,-278,-270,-93,-86,0,-220,0,0,0,-225,-68,-70,-70,-70,-67,-75,-75,-170,-156,-341,-335,-299,-27,-29,-32,-31,-21,-29,0,0,0,0,0,0,0,0,0,0,0,0,4]} 1. e4 e5 2. Nf3 Nc6 3. Nc3 Nf6 4. a3 Be7 5. Bb5 (5. d4 exd4 6. Nxd4 d6 7. Bb5 Bd7 8. Nxc6 bxc6 9. Bd3 O-O 10. O-O c5 11. h3 Bc6 12. Bf4 Nd7 13. Re1 Bf6 14. Rb1 Rb8 15. Qd2 {½-½ (39) Motylev,A (2686)-Dubov,D (2614) Moscow 2014}) 5... O-O 6. d3 {C47: Scotch Four Knights and Four Knights with 4 g3} d6 7. h3 Bd7 8. Ne2 Qc8 $146 ({Predecessor:} 8... a6 9. Bc4 h6 10. c3 Qc8 11. Ng3 Na5 12. Ba2 c5 13. Bd2 Nc6 {0-1 (24) Assmann,H (1559)-Scheide,H (1924) Rowy 2002}) 9. Ng3 Re8 10. O-O a6 11. Bc4 h6 12. Nh2 Na5 13. Ba2 c5 (13... Be6 $11) 14. f4 $16 c4 15. Qe1 Qc7 16. Bd2 ({White should play} 16. fxe5 $16 dxe5 17. Nf3) 16... Nc6 $11 17. Bxc4 d5 $1 {[%cal Rd5c4]} 18. exd5 exf4 (18... Nd4 $1 $11 19. fxe5 Bc5) 19. Bxf4 $16 Bc5+ 20. Kh1 Qb6 (20... Rxe1 $16 21. Bxc7 Rxa1 22. Rxa1 Nd4) 21. Qd2 Nd4 (21... Ne5 $142 22. b4 Nxc4 23. dxc4 Be3) 22. b4 Bd6 23. c3 Bxf4 24. Rxf4 Nb5 25. a4 Nd6 26. Nf3 Qe3 27. Bb3 Re5 28. Qxe3 Rxe3 29. Rd1 b5 30. a5 Rc8 31. c4 bxc4 32. Bxc4 Bb5 {[%cal Bd7b5,Bb5c4,Bc4d5][%mdl 32]} 33. Nf1 (33. Nf5 $18 Nxf5 34. Rxf5) 33... Re7 34. Nd4 (34. N1d2 $16) 34... Bxc4 $11 35. Nc6 {[#]} (35. dxc4 $11 Rxc4 36. Nc6 Rxf4 37. Nxe7+ Kf8 38. Nc6) 35... Rxc6 $1 $17 {[%mdl 512]} 36. dxc6 Bd5 37. c7 (37. Rc1 $15) 37... Rxc7 38. Ne3 {Threatens to win with Rd4.} Bb7 39. Nc4 (39. Rd4 $17 Nb5 40. Rd8+ Kh7 41. Re1) 39... Nd5 $19 40. Rf2 Nxc4 41. dxc4 Rxc4 42. b5 axb5 43. a6 Bc6 44. a7 (44. Rfd2 {keeps fighting.}) 44... Ra4 45. Rc2 Bb7 46. Rc5 Rxa7 47. Rxb5 Ne3 48. Rd8+ Kh7 49. Kh2 Be4 ({Don't play} 49... Bxg2 50. Rb3 $19) 50. g4 $2 (50. Rb3 $19 Nd5 51. Rb2) 50... Nf1+ $2 (50... Ra2+ {mates} 51. Kg3 g5 52. Rh8+ Kxh8 53. Rb8+ Kh7 54. Rh8+ Kxh8 55. h4 Nf1+ 56. Kh3 Rh2#) 51. Kg1 Ra1 {Hoping for ...Ne3+.} 52. Kf2 Bc6 $2 (52... Nh2 $1 $19 {and Black stays clearly on top.} 53. Rdb8 Rf1+ 54. Kg3 Nf3) 53. Rc5 Be4 (53... Ba8 $17 {...Nh2 is the strong threat.} 54. Rxa8 Rxa8 55. Kxf1 Ra2) 54. Rc4 $2 (54. Rb5 $1 $11 {and White has nothing to worry.}) 54... Bg6 55. Rcc8 {[%csl Gc8][%cal Rd8h8]} Be4 56. Rc4 {[#]} f5 $2 (56... Bg2 $1 $19 {[%mdl 512]} 57. Rd3 (57. Kxg2 Ne3+) 57... Ra2+ 58. Ke1 Nh2) 57. Rcd4 Nh2 58. gxf5 $1 Bxf5 {White must now prevent ...Ra2+.} 59. Kg2 Nf1 60. Rf4 (60. Re8 $17 {might work better.}) 60... g5 61. Rb4 $2 (61. Rfd4 $17) 61... Ne3+ 62. Kf2 {[#]} Nc2 $2 ({Worse is} 62... Bxh3 63. Rb7+ Kg6 64. Rd6+ Kf5 65. Kxe3 $11) ({Better is} 62... Nd1+ $1 $19 63. Kg2 Ra2+ 64. Kg1 Nf2) 63. Rb7+ $11 Kg6 64. Rd6+ Kh5 65. Rbb6 {[%csl Gb6][%cal Rd6h6]} Bxh3 {Strongly threatening ...Kg4.} (65... g4 $5 {[%cal Rg4h3]} 66. Rb5 Kg5 67. hxg4 Kxg4 68. Rxf5 Kxf5 69. Rxh6 Nd4 $15) 66. Rbc6 $1 {The position is equal.} Ra2 67. Rxh6+ Kg4 68. Rc4+ Kf5 {And now ...Na3+ would win.} 69. Rc5+ Kg4 {aiming for ...Nd4+.} 70. Rc4+ Nd4+ 71. Ke3 Ra3+ {[%mdl 32768] Precision: White = 46%, Black = 42%. . Loss on Time!?} 1-0

[Event "XXIV ProAm Copa Clarin 2017"]
[Site "Villa Martelli"]
[Date "2017.10.01"]
[Round "2.7"]
[White "Palu, Andres"]
[Black "Pierrot, Facundo"]
[Result "0-1"]
[WhiteElo "2063"]
[BlackElo "2405"]
[Annotator "TA"]
[PlyCount "104"]
[EventDate "2017.??.??"]
[EventType "swiss"]
[EventCountry "ARG"]
[SourceTitle "playchess.com"]
[Source "ChessBase"]
[SourceQuality "1"]

{[%evp 12,104,75,83,85,75,79,69,69,75,71,68,174,51,55,56,47,50,53,58,72,11,10,8,12,0,0,0,12,6,5,0,8,0,-7,-2,0,0,0,-12,-3,-14,0,0,0,-16,-16,-16,-16,-10,0,-66,-25,-32,-41,-109,-121,-157,-157,-232,-244,-295,-260,-295,-284,-427,-528,-641,-634,-629,-563,-710,-500,-1350,-1255,-1112,-1034,-5903,-4133,-1442,-380,-373,-369,-369,-361,-354,-341,-325,-310,-287,-275,-400,-233,-877,-797]} 1. e4 d5 2. exd5 Nf6 3. Nf3 Qxd5 4. Nc3 Qd6 5. d4 a6 6. g3 b5 {B01: Scandinavian Defence} (6... Bg4 7. Bg2 c6 8. O-O e6 9. h3 Bxf3 10. Bxf3 Be7 11. b3 O-O 12. Bb2 Nbd7 13. Ne2 Rad8 14. Re1 Rfe8 {0-1 (64) Hou,Y (2663)-Megaranto,S (2535) Almaty 2016}) 7. Bg2 {LiveBook: 105 Games. And now Ne5 would win.} Bb7 8. O-O e6 {White is better.} 9. Bf4 Qb6 10. a4 Bd6 11. Be3 {Threatens to win with d5.} Ng4 {[#]} (11... O-O $14) 12. axb5 $146 ({White must play} 12. Ng5 $1 $18 Bxg2 13. Kxg2 Qb7+ 14. d5) ({Predecessor:} 12. Ng5 Bxg2 13. Kxg2 b4 14. Qxg4 bxc3 15. bxc3 {1-0 (33) Kalegin,E (2490)-Nozdrin,A (2399) Ufa 2009}) 12... axb5 $14 13. Rxa8 Bxa8 14. Ng5 Bxg2 15. Kxg2 Qb7+ 16. Kg1 ({White should play} 16. d5 $16 Ne5 17. Qd4) 16... Nf6 $1 $11 17. Qd3 b4 18. Qb5+ Qxb5 19. Nxb5 h6 20. Nf3 Kd7 21. Ra1 (21. c4 {is interesting.} bxc3 22. bxc3 Nc6 23. Ra1 Rb8 24. c4) 21... Nc6 22. Nxd6 cxd6 23. Kf1 Rc8 24. Ke2 Nd5 25. Ne1 f6 26. Nd3 e5 27. dxe5 fxe5 28. Kd2 g5 29. Ne1 e4 30. Ke2 Ke6 31. b3 (31. f3 $11) 31... Ke5 32. Kd2 Nc3 33. f4+ {[#]} (33. h4 $15) 33... Kf5 $1 $17 34. fxg5 hxg5 35. Ng2 (35. h3 $17 {was necessary.}) 35... Ne5 $19 36. h4 Nf3+ 37. Kc1 d5 {[%cal Bd6d5,Bd5d4][%mdl 32]} 38. Kb2 (38. hxg5 {might work better.} d4 39. Bf4) 38... Kg4 39. Bxg5 Kxg3 40. Ne1 d4 41. Be7 Nd5 42. Bg5 (42. Bd6+ $142 Kxh4 43. Ng2+ Kh3 44. Nf4+ Nxf4 45. Bxf4) 42... Kf2 43. Nxf3 exf3 {[%mdl 4096] Endgame KRB-KRN} ({Less strong is} 43... Kxf3 44. Rd1 $17) 44. h5 Ke2 45. Bh4 f2 $2 (45... Ne3 46. Re1+ Kd2) 46. Bxf2 Kxf2 {KRN-KR} 47. Rd1 Ke3 48. h6 Rh8 49. Rh1 Rh7 50. Rh5 {aiming for Re5+.} Ke4 51. Kc1 (51. Rh4+ $142 Nf4 52. Rh1) 51... Nf4 (51... Ne7 $142 52. Rh4+ Ke5) 52. Rb5 $2 (52. Rh1) 52... Nd5 {Precision: White = 33%, Black = 62%.} 0-1

[Event "XXIV ProAm Copa Clarin 2017"]
[Site "Villa Martelli"]
[Date "2017.10.01"]
[Round "2.8"]
[White "Della Morte, German"]
[Black "Juarez, Carlos Eleodoro"]
[Result "1-0"]
[WhiteElo "2362"]
[BlackElo "2018"]
[Annotator "TA"]
[PlyCount "53"]
[EventDate "2017.??.??"]
[EventType "swiss"]
[EventCountry "ARG"]
[SourceTitle "playchess.com"]
[Source "ChessBase"]
[SourceQuality "1"]

{[%evp 17,53,51,101,69,68,0,52,41,60,19,21,39,362,364,370,362,373,381,387,388,515,407,1045,1050,1047,1049,1043,1017,1035,1036,1028,1002,1706,891,1819,1776,29976,850]} 1. e4 c5 2. Nf3 e6 3. d4 cxd4 4. Nxd4 a6 5. Bd3 Nf6 6. O-O Qc7 7. Qe2 d6 8. c4 Nbd7 9. f4 h5 {LiveBook: 5 Games. B42: Sicilian: Kan Variation: 5 Bd3} (9... g6 10. f5 e5 11. Nf3 gxf5 12. exf5 b5 13. cxb5 Bg7 14. Nc3 O-O 15. Bg5 Re8 16. Rac1 Qb6+ 17. Be3 {½-½ (42) Khegay,D (2484)-Khismatullin,D (2639) Sochi 2017}) 10. Kh1 Be7 11. Nd2 $146 (11. Nc3 $14) ({Predecessor:} 11. Nc3 h4 12. Bd2 b6 13. Rae1 h3 14. g4 Nc5 15. g5 Nxd3 16. Qxd3 Nd7 17. g6 {0-1 (28) Martin Alvarez,I (2239)-Meijers,V (2483) San Sebastian 2009}) 11... b6 ({Black should try} 11... Nc5 $11) 12. N2f3 Nc5 13. Bc2 e5 14. Nf5 Bb7 $2 {[%mdl 8192] [#]} (14... Bxf5 $14 15. exf5 O-O) 15. fxe5 dxe5 16. Nxg7+ Kf8 17. Nf5 Ncxe4 18. Bh6+ Ke8 19. Rad1 Bf8 (19... Rxh6 $142 20. Nxh6 Rc8 21. Ba4+ Kf8) 20. Ba4+ $18 Bc6 21. Bxc6+ Qxc6 22. Nxe5 Qe6 23. Bg7 Qxe5 24. Bxh8 Qe6 25. Nd4 Qe7 26. Bxf6 Nxf6 27. Rxf6 {Precision: White = 60%, Black = 17%.} (27. Qf3 $142 Rc8 28. Rfe1 Nd7 29. Nc6 Rb8 30. Qxh5 Rc8 31. Qd5 f5 32. Nxe7) 1-0

[Event "XXIV ProAm Copa Clarin 2017"]
[Site "Villa Martelli"]
[Date "2017.10.01"]
[Round "2.9"]
[White "Amoroso, Juan Pablo"]
[Black "Llanos, Guillermo"]
[Result "0-1"]
[WhiteElo "2014"]
[BlackElo "2294"]
[Annotator "TA"]
[PlyCount "66"]
[EventDate "2017.??.??"]
[EventType "swiss"]
[EventCountry "ARG"]
[SourceTitle "playchess.com"]
[Source "ChessBase"]
[SourceQuality "1"]

{[%evp 14,66,16,1,18,8,6,3,34,-11,-12,-40,-24,-58,-61,-81,-72,-75,38,-34,-4,-20,-9,-7,-2,-24,11,4,29,22,14,0,46,0,15,0,8,2,16,8,101,91,136,134,95,-26,-9,-159,-155,-325,-311,-399,-393,-395,-395]} 1. c4 g6 2. Nc3 Bg7 3. g3 e5 4. Bg2 Ne7 5. e3 d6 6. Nge2 Nbc6 7. b3 {A25: English Opening vs King's Indian with ...Nc6 but without early d3} Be6 8. Bb2 {LiveBook: 6 Games} (8. O-O O-O 9. Bb2 d5 10. cxd5 Nxd5 11. a3 Nxc3 12. Bxc3 Bd5 13. e4 Be6 14. Qc2 Qd6 15. d3 Rfd8 16. Rfd1 a5 17. Qb2 Ra6 18. b4 axb4 19. axb4 Rxa1 20. Rxa1 Qxd3 {1-0 (63) Granda Zuniga,J (2636)-Mamedyarov,S (2733) San Sebastian 2012}) 8... d5 9. d3 {The position is equal.} O-O 10. O-O Re8 11. Na4 $146 ({Predecessor:} 11. e4 dxc4 12. dxc4 Nd4 13. Nd5 Nxe2+ 14. Qxe2 c6 15. Nb4 Qc7 16. c5 {1-0 (41) Chovan,M (2256)-Hacik,R (2213) Slovakia 2015}) 11... b6 12. Rc1 Qd7 13. Qd2 dxc4 14. bxc4 Rad8 15. Rfd1 Na5 (15... Bf5 $17) 16. Qc2 ({White should play} 16. Nc5 $1 $14 bxc5 17. Qxa5) 16... Bf5 {[%cal Rf5d3]} 17. e4 Bg4 {[#] And now ...Bxe2 would win.} 18. Nac3 c6 19. Rb1 h5 20. Bc1 Qc8 21. Be3 Nb7 22. Rd2 Kh7 23. f4 Bh6 24. Rf1 Kg8 25. Nd1 Qd7 26. Nf2 Be6 (26... Bxe2 $11 {keeps the balance.} 27. Rxe2 c5) 27. d4 $16 exf4 28. Nxf4 Qc8 29. Qa4 ({White should try} 29. Qd3 $16 Bg7 30. d5 (30. Nxe6 Qxe6 31. Nh3 Nc5 $14)) 29... Na5 $1 $11 30. Rc1 {[#]} (30. d5 $11 Bd7 31. Qc2 cxd5 32. Nxd5 Bxe3 33. Nxe3) 30... Nxc4 $1 $17 31. Nxe6 $2 (31. Rxc4 $17 b5 32. Qxb5 cxb5 33. Rxc8 Nxc8 34. d5) 31... Bxe3 $19 32. Nxd8 b5 ({Weaker is} 32... Bxd2 33. Qxc4 Rxd8 34. Rd1 $17) ({Less strong is} 32... Nxd2 33. Nxc6 Qe6 34. Nb4 $17) (32... Qxd8 33. Qxc4 Bxd2 34. Rd1 $15) 33. Qb3 {Rxc4 is the strong threat.} Bxd2 {Precision: White = 27%, Black = 45%.} 0-1

[Event "XXIV ProAm Copa Clarin 2017"]
[Site "Villa Martelli"]
[Date "2017.10.01"]
[Round "2.10"]
[White "Mussanti, Diego"]
[Black "Koch, Juan"]
[Result "1-0"]
[WhiteElo "2288"]
[BlackElo "1979"]
[Annotator "TA"]
[PlyCount "45"]
[EventDate "2017.??.??"]
[EventType "swiss"]
[EventCountry "ARG"]
[SourceTitle "playchess.com"]
[Source "ChessBase"]
[SourceQuality "1"]

{[%evp 18,19,55,53]} 1. e4 c5 2. Nf3 Nc6 3. d4 cxd4 4. Nxd4 Nf6 5. Nc3 e5 6. Ndb5 d6 7. Bg5 a6 8. Bxf6 gxf6 9. Na3 b5 10. Nd5 $1 {LiveBook: 7274 Games} {Predecessor:} f5 $146 11. Bd3 Be6 12. O-O Bxd5 13. exd5 Ne7 14. c3 Bg7 15. Qh5 e4 16. Be2 O-O 17. Nc2 Re8 18. g3 Nxd5 19. Qxf5 Re5 20. Qh3 b4 21. c4 Ne7 22. Rfd1 Qb6 23. Ne3 {½-½ (69) Inarkiev,E (2702)-Gelfand,B (2729) Nazran 2017} 1-0